000 01156nam a2200289 a 4500
001 000022457
003 DO-SdBNP
005 20250203080907.0
008 101011s2003 dr 000 0 spa d
020 _a9993445053
040 _aDO-SdBNP
_bspa
_cBNPHU
082 4 _a304.87307293
_bM538e
_222
100 1 _aMéndez, Antonio A.
_d1960-
_937997
245 1 3 _aLa emigración dominicana hacia los EE.UU. :
_bmitos y realidades /
_cAntonio A. Méndez.
260 _aSanto Domingo :
_bBúho,
_c2003.
300 _a220 p.
_a23 cm.
500 _aIncluye datos biográficos del autor en las solapas
500 _aIncluye referencias bibliográficas y notas al pie de las páginas
504 _aBibliografía : p. 207-220
590 _aInventariado, 2018/VM
650 7 _aDominicanos en Estados Unidos
_934672
_2LEMB
651 7 _aRepública Dominicana
_xEmigración e inmigración
_9290
_2LEMB
651 7 _aRepública Dominicana
_xEmigración e inmigración
_xAspectos económicos
_99359
_2LEMB
651 7 _aRepública Dominicana
_xEmigración e inmigración
_xAspectos sociales
_99361
_2LEMB
910 _aValidado. Control de calidad MFF
942 _2ddc
_cLBS1
999 _c21955
_d21955